000 00555nam a2200181Ia 4500
003 GCL
008 140319s9999 xx 000 0 ara d
020 _a1427291977
040 _aGCL /
_cGCL
082 0 4 _a813.01
_bن ل
100 1 _aنجلاء محمود محرم
245 1 0 _aلانك لم تعرفى زمن افتقادك /
_cنجلاء محمود محرم
300 _a101 ص ؛
_c18 سم
650 0 4 _aالقصص العربية
650 0 4 _aالقصص القصيرة
650 0 4 _aالادب العربى - مجموعات
942 _2ddc
_cBK
999 _c57670
_d57670